[Event "Heusenstamm Schloss op"]
[Site "Heusenstamm"]
[Date "2023.11.25"]
[Round "4"]
[White "Winter, Lars"]
[Black "John, Volkmar"]
[Result "1-0"]
[WhiteElo "1896"]
[BlackElo "1646"]
[PlyCount "133"]
[EventDate "2023.11.23"]
[EventType "swiss"]
[EventRounds "7"]
[EventCountry "GER"]
[SourceTitle "CB50_2023"]
[SourceDate "2023.12.13"]
[SourceVersion "1"]
[SourceVersionDate "2023.12.13"]
[SourceQuality "1"]

1. e4 c5 2. Nf3 e6 3. d4 cxd4 4. Nxd4 Nc6 5. Nc3 a6 6. Nxc6 bxc6 7. Bd3 e5 8. 0-0 Nf6 9. Qe2 Be7 10. f4 d6 11. fxe5 dxe5 12. Kh1 0-0 13. Be3 Qc7 14. Na4 c5 15. Nc3 Bb7 16. Bg5 Qc6 17. Bxf6 Bxf6 18. Nd5 Bd8 19. Bc4 a5 20. a4 Qg6 21. Ra3 Rb8 22. Raf3 Kh8 23. Nc3 f6 24. b3 Bc8 25. Qd2 Bb6 26. Qd6 Bg4 27. Rg3 Rfd8 28. Qe7 Rd7 29. Qxd7 Bxd7 30. Rxg6 hxg6 31. Rd1 Bg4 32. Rd2 Rd8 33. Bd5 Kh7 34. Nb5 Kh6 35. h3 Bc8 36. c4 Kg5 37. Rd3 f5 38. Nc3 f4 39. Kg1 Kf6 40. Kf2 g5 41. g4 Bc7 42. Nd1 Be6 43. Nb2 Bc8 44. Nd1 Be6 45. Kf3 Rh8 46. Nf2 Bc8 47. Bc6 Rd8 48. Rd5 Rxd5 49. exd5 Ba6 50. Ne4+ Ke7 51. Nxg5 Kf8 52. Ke4 Ke7 53. Nf3 Kf7 54. Nxe5+ Bxe5 55. Kxe5 f3 56. d6 f2 57. Bg2 Bb7 58. Bf1 Bf3 59. g5 Bd1 60. Kd5 Bxb3 61. Kxc5 Bxa4 62. Kb6 Ke6 63. Kxa5 Bc6 64. c5 Kd5 65. Kb6 Bd7 66. Kc7 Ba4 67. d7 1-0

[Event "Heusenstamm Schloss op"]
[Site "Heusenstamm"]
[Date "2023.11.24"]
[Round "3"]
[White "Alt, Johannes1"]
[Black "Winter, Lars"]
[Result "1/2-1/2"]
[WhiteElo "1557"]
[BlackElo "1896"]
[PlyCount "59"]
[EventDate "2023.11.23"]
[EventType "swiss"]
[EventRounds "7"]
[EventCountry "GER"]
[SourceTitle "CB50_2023"]
[SourceDate "2023.12.13"]
[SourceVersion "1"]
[SourceVersionDate "2023.12.13"]
[SourceQuality "1"]

1. d4 Nf6 2. Nf3 c5 3. c3 cxd4 4. cxd4 d5 5. Bf4 Nc6 6. e3 e6 7. Nc3 a6 8. Bd3 b5 9. 0-0 Bd6 10. Bg3 Bb7 11. Ne5 Bxe5 12. dxe5 Nd7 13. f4 Nc5 14. Bf2 Nxd3 15. Qxd3 0-0 16. Ne2 Rc8 17. Nd4 Nxd4 18. exd4 Qc7 19. Be3 Qc2 20. Qxc2 Rxc2 21. Rf2 Rfc8 22. Rd1 Kf8 23. Rxc2 Rxc2 24. Rd2 Rc4 25. Kf2 Ke8 26. Ke2 Kd7 27. Kd3 g6 28. Rc2 h5 29. b3 Rxc2 30. Kxc2 1/2-1/2

[Event "Heusenstamm Sparkassen op-A 6th"]
[Site "Heusenstamm"]
[Date "2019.11.23"]
[Round "4"]
[White "Winter, Lars"]
[Black "Werner, Rosalie"]
[Result "0-1"]
[WhiteElo "1917"]
[BlackElo "1592"]
[PlyCount "62"]
[EventDate "2019.11.21"]
[EventType "swiss"]
[EventRounds "7"]
[EventCountry "GER"]
[SourceTitle "CBM 194 Extra"]
[Source "ChessBase"]
[SourceDate "2020.03.31"]
[SourceVersion "1"]
[SourceVersionDate "2020.03.31"]
[SourceQuality "1"]

1. c4 c5 2. g3 Nf6 3. Bg2 d5 4. cxd5 Nxd5 5. Nc3 Nc7 6. Nf3 Nc6 7. 0-0 e5 8. d3 Be7 9. a3 Be6 10. Rb1 f6 11. Ne1 Qd7 12. b4 cxb4 13. axb4 Bxb4 14. Bxc6 Qxc6 15. Rxb4 Qxc3 16. Rxb7 Qc6 17. Rb4 Bh3 18. Rc4 Qb7 19. Qc2 Nb5 20. f3 Bxf1 21. Kxf1 0-0 22. Qa2 Kh8 23. Be3 Rfc8 24. Ra4 Nc3 25. Rxa7 Rxa7 26. Qxa7 Qb2 27. Bf2 Qxe2+ 28. Kg1 Nd1 29. h4 Nxf2 30. Qxf2 Qd1 31. Kg2 Rc1 0-1

[Event "Heusenstamm Sparkassen op-A 6th"]
[Site "Heusenstamm"]
[Date "2019.11.22"]
[Round "2"]
[White "Winter, Lars"]
[Black "Asadzade, Idris"]
[Result "0-1"]
[WhiteElo "1917"]
[BlackElo "2166"]
[PlyCount "82"]
[EventDate "2019.11.21"]
[EventType "swiss"]
[EventRounds "7"]
[EventCountry "GER"]
[SourceTitle "CBM 194 Extra"]
[Source "ChessBase"]
[SourceDate "2020.03.31"]
[SourceVersion "1"]
[SourceVersionDate "2020.03.31"]
[SourceQuality "1"]

1. e4 c5 2. d4 cxd4 3. c3 dxc3 4. Nxc3 Nc6 5. Nf3 e6 6. Bc4 Bb4 7. 0-0 Nge7 8. Bg5 f6 9. Be3 0-0 10. Qc2 f5 11. exf5 Nxf5 12. Bd3 h6 13. Ne4 Be7 14. a3 d5 15. Ng3 Nxe3 16. fxe3 Bd7 17. e4 Rc8 18. Qe2 Bc5+ 19. Kh1 Qe7 20. e5 Be8 21. Rae1 Nd4 22. Nxd4 Rxf1+ 23. Rxf1 Bxd4 24. Bb1 Qc5 25. Qd3 g6 26. b4 Qc3 27. Qe2 h5 28. Bd3 Bxe5 29. Qf3 Bg7 30. Ne2 Qxa3 31. Nf4 Rc1 32. Nxe6 Rxf1+ 33. Qxf1 Qa1 34. Qxa1 Bxa1 35. Nf4 Kg7 36. Nxd5 Bf7 37. Ne3 Kf6 38. Nc2 Be5 39. Kg1 Bd6 40. Be4 Bb3 41. b5 Bc5+ 0-1

[Event "Heusenstamm Sparkassen op-A 6th"]
[Site "Heusenstamm"]
[Date "2019.11.21"]
[Round "1"]
[White "Browning, Alex"]
[Black "Winter, Lars"]
[Result "1/2-1/2"]
[WhiteElo "2264"]
[BlackElo "1917"]
[PlyCount "117"]
[EventDate "2019.11.21"]
[EventType "swiss"]
[EventRounds "7"]
[EventCountry "GER"]
[SourceTitle "CBM 194 Extra"]
[Source "ChessBase"]
[SourceDate "2020.03.31"]
[SourceVersion "1"]
[SourceVersionDate "2020.03.31"]
[SourceQuality "1"]

1. e4 e6 2. d4 d5 3. Nc3 Bb4 4. Qd3 dxe4 5. Qxe4 Nf6 6. Qh4 0-0 7. Bd3 Nbd7 8. Nf3 c5 9. 0-0 cxd4 10. Qxd4 Be7 11. Ne4 Qc7 12. Bg5 Rd8 13. Nxf6+ Bxf6 14. Qe4 g6 15. Qh4 Bxg5 16. Nxg5 Nf8 17. Rad1 Bd7 18. Ne4 Bc6 19. Nf6+ Kg7 20. Ng4 Qf4 21. Qg3 Qxg3 22. hxg3 Nd7 23. Be2 h5 24. Ne3 Nb6 25. b3 Nd5 26. Nxd5 Bxd5 27. Rd4 Kf8 28. Rfd1 Ke7 29. f4 Bc6 30. Kf2 Rxd4 31. Rxd4 Rd8 32. Rxd8 Kxd8 33. Bf3 Kc7 34. Ke3 Bxf3 35. Kxf3 Kd6 36. Ke4 f6 37. Kd4 Kc6 38. a3 Kd6 39. b4 Kc6 40. c4 Kd6 41. c5+ Kc6 42. a4 b5 43. a5 a6 44. Ke4 Kc7 45. Kf3 Kc6 46. g4 hxg4+ 47. Kxg4 Kd5 48. Kf3 e5 49. Ke3 e4 50. c6 Kxc6 51. Kxe4 Kd6 52. Kd4 Kc6 53. g3 Kd6 54. g4 Kc6 55. Ke3 Kd6 56. Kd3 g5 57. f5 Ke5 58. Ke3 Kd5 59. Kd3 1/2-1/2

[Event "Hofheim Spring op 7th"]
[Site "Hofheim"]
[Date "2019.04.24"]
[Round "3"]
[White "Thrish, Karthik"]
[Black "Winter, Lars"]
[Result "0-1"]
[WhiteElo "2096"]
[BlackElo "1904"]
[PlyCount "64"]
[EventDate "2019.04.23"]
[EventType "swiss"]
[EventRounds "9"]
[EventCountry "GER"]
[SourceTitle "CBM 190 Extra"]
[Source "ChessBase"]
[SourceDate "2019.07.15"]
[SourceVersion "1"]
[SourceVersionDate "2019.07.15"]
[SourceQuality "1"]

1. Nf3 d5 2. e3 Nf6 3. c4 c6 4. Nc3 e6 5. b3 Bd6 6. d4 Nbd7 7. Bd3 0-0 8. 0-0 Re8 9. Bb2 e5 10. dxe5 Nxe5 11. h3 Nxd3 12. Qxd3 dxc4 13. Qxc4 Be6 14. Qh4 Qe7 15. Ne2 Nd5 16. Qd4 f6 17. Qh4 Bf7 18. Ned4 Bg6 19. Rfd1 Ba3 20. Bxa3 Qxa3 21. Rac1 Rad8 22. Qg3 Qe7 23. Nh4 Qe5 24. Qxe5 Rxe5 25. Nxg6 hxg6 26. Nf3 Ree8 27. Rd4 Nc7 28. Rcd1 Rxd4 29. Rxd4 Re7 30. a4 a5 31. Rd8+ Kf7 32. Ra8 Nxa8 0-1

[Event "Hofheim Spring op-B 5th"]
[Site "Hofheim"]
[Date "2017.04.10"]
[Round "6"]
[White "Schwarz, Matthias1111"]
[Black "Winter, Lars"]
[Result "0-1"]
[WhiteElo "1641"]
[BlackElo "1922"]
[PlyCount "42"]
[EventDate "2017.04.07"]
[EventType "swiss"]
[EventRounds "9"]
[EventCountry "GER"]
[SourceTitle "CBM 178 Extra"]
[Source "ChessBase"]
[SourceDate "2017.06.22"]
[SourceVersion "1"]
[SourceVersionDate "2017.06.22"]
[SourceQuality "1"]

1. e4 c5 2. Nf3 Nc6 3. d4 cxd4 4. Nxd4 g6 5. Nc3 Bg7 6. Be3 Nf6 7. Nxc6 bxc6 8. e5 Ng8 9. Bd4 f6 10. exf6 Nxf6 11. Bd3 0-0 12. Qd2 d6 13. Bxf6 Bxf6 14. 0-0-0 Rb8 15. h4 Qa5 16. Bc4+ d5 17. Bb3 Bxc3 18. bxc3 Qa3+ 19. Kb1 Bf5 20. h5 Rxb3+ 21. axb3 Qxb3+ 0-1

[Event "Hofheim Spring op-B 5th"]
[Site "Hofheim"]
[Date "2017.04.09"]
[Round "4"]
[White "Schaefer, Wolfgang"]
[Black "Winter, Lars"]
[Result "1-0"]
[WhiteElo "1813"]
[BlackElo "1922"]
[PlyCount "81"]
[EventDate "2017.04.07"]
[EventType "swiss"]
[EventRounds "9"]
[EventCountry "GER"]
[SourceTitle "CBM 178 Extra"]
[Source "ChessBase"]
[SourceDate "2017.06.22"]
[SourceVersion "1"]
[SourceVersionDate "2017.06.22"]
[SourceQuality "1"]

1. e4 c5 2. Nc3 Nc6 3. f4 g6 4. Nf3 Bg7 5. Bc4 d6 6. 0-0 e6 7. d3 Nge7 8. Bb3 Nd4 9. Nxd4 cxd4 10. Ne2 0-0 11. Qe1 f5 12. Ng3 Kh8 13. Bd2 Nc6 14. Rf3 Bd7 15. Nh1 e5 16. exf5 gxf5 17. Nf2 Qe7 18. Qe2 Rae8 19. Re1 Be6 20. Rh3 Bxb3 21. axb3 Qf7 22. Qd1 Bf6 23. Kf1 Rg8 24. Qf3 Bd8 25. Rh5 Rg4 26. Qh3 Reg8 27. g3 Bb6 28. Rh6 e4 29. Nxg4 fxg4 30. Qh5 Qxh5 31. Rxh5 e3 32. Bc1 Nb4 33. Re2 Na2 34. Re1 Rc8 35. c4 dxc3 36. bxc3 Rxc3 37. Bxe3 Rxb3 38. Bxb6 Rxb6 39. Re7 Kg8 40. Rhxh7 Nb4 41. Rxb7 1-0

[Event "Hofheim Spring op-B 3rd"]
[Site "Hofheim"]
[Date "2015.04.08"]
[Round "3"]
[White "Winter, Lars"]
[Black "Weiland, Thomas"]
[Result "1/2-1/2"]
[WhiteElo "1954"]
[BlackElo "1833"]
[PlyCount "48"]
[EventDate "2015.04.07"]
[EventType "swiss"]
[EventRounds "9"]
[EventCountry "GER"]
[SourceTitle "CBM 166 Extra"]
[Source "ChessBase"]
[SourceDate "2015.06.18"]
[SourceVersion "1"]
[SourceVersionDate "2015.06.18"]
[SourceQuality "1"]

1. e4 d5 2. exd5 Qxd5 3. Nc3 Qd8 4. g3 Nf6 5. Bg2 c6 6. Nf3 Bf5 7. 0-0 e6 8. d3 Be7 9. Bd2 Nbd7 10. Rb1 0-0 11. b4 Nd5 12. b5 c5 13. Nxd5 exd5 14. Bf4 Rc8 15. Qd2 Re8 16. h4 Qb6 17. a4 Bd6 18. a5 Qc7 19. Bxd6 Qxd6 20. Rfe1 Nf6 21. Rxe8+ Rxe8 22. Re1 Rxe1+ 23. Qxe1 Bd7 24. c4 dxc4 1/2-1/2

[Event "Hessen-chA"]
[Site "Korbach"]
[Date "2013.03.29"]
[Round "5"]
[White "Winter, Lars"]
[Black "Pruesse, Horst"]
[Result "1-0"]
[WhiteElo "1961"]
[BlackElo "2068"]
[PlyCount "43"]
[EventDate "2013.03.27"]
[EventType "swiss"]
[EventRounds "7"]
[EventCountry "GER"]
[SourceTitle "EXT 2014"]
[Source "ChessBase"]
[SourceDate "2013.11.20"]
[SourceVersion "1"]
[SourceVersionDate "2013.11.20"]
[SourceQuality "1"]

1. e4 c5 2. Nf3 e6 3. d4 cxd4 4. Nxd4 a6 5. Bd3 b5 6. 0-0 Bb7 7. Qe2 Nc6 8. Nxc6 Bxc6 9. Nc3 Ne7 10. f4 b4 11. Nd1 Ng6 12. f5 Ne5 13. Bf4 Bc5+ 14. Kh1 Nxd3 15. cxd3 0-0 16. f6 g6 17. Bh6 Re8 18. Qd2 e5 19. Bg7 Re6 20. Qh6 Bf8 21. Rf3 Rxf6 22. Bxf8 1-0

[Event "Hessen-chB"]
[Site "Offenbach"]
[Date "2012.04.07"]
[Round "7"]
[White "Schoebel Kroehn, Lucas"]
[Black "Winter, Lars"]
[Result "1-0"]
[WhiteElo "1894"]
[BlackElo "1950"]
[PlyCount "75"]
[EventDate "2012.04.05"]
[EventType "swiss"]
[EventRounds "7"]
[EventCountry "GER"]
[SourceTitle "EXT 2013"]
[Source "ChessBase"]
[SourceDate "2012.11.22"]
[SourceVersion "1"]
[SourceVersionDate "2012.11.22"]
[SourceQuality "1"]

1. e4 c5 2. Nf3 Nc6 3. d4 cxd4 4. Nxd4 e5 5. Nb5 d6 6. N1c3 a6 7. Na3 b5 8. Nd5 Nf6 9. Bg5 Be7 10. Bxf6 Bxf6 11. c3 Ne7 12. Nxe7 Bxe7 13. Nc2 Bb7 14. Qg4 0-0 15. Ne3 Bg5 16. Nf5 Bc8 17. h4 Bxf5 18. Qxf5 Bh6 19. Rd1 Qb6 20. a3 a5 21. Qd7 b4 22. Rxd6 Qb8 23. cxb4 Ra7 24. Qc6 Rc7 25. Qb5 Rc1+ 26. Rd1 Rxd1+ 27. Kxd1 Rd8+ 28. Kc2 Qc7+ 29. Bc4 axb4 30. axb4 Qa7 31. Qc5 Qa4+ 32. Bb3 Qa6 33. Kb1 Ra8 34. Qa5 Qc8 35. Qb5 g6 36. Qc4 Qb7 37. Qd5 Qa7 38. Ba2 1-0

[Event "Hessen-chB"]
[Site "Offenbach"]
[Date "2012.04.06"]
[Round "6"]
[White "Rennhack, Peer"]
[Black "Winter, Lars"]
[Result "0-1"]
[WhiteElo "1948"]
[BlackElo "1950"]
[PlyCount "82"]
[EventDate "2012.04.05"]
[EventType "swiss"]
[EventRounds "7"]
[EventCountry "GER"]
[SourceTitle "EXT 2013"]
[Source "ChessBase"]
[SourceDate "2012.11.22"]
[SourceVersion "1"]
[SourceVersionDate "2012.11.22"]
[SourceQuality "1"]

1. e4 c5 2. c3 d5 3. exd5 Nf6 4. d4 Qxd5 5. Nf3 Bg4 6. Be2 e6 7. 0-0 Nc6 8. c4 Qd8 9. Be3 cxd4 10. Nxd4 Bxe2 11. Nxe2 Bd6 12. Ng3 Rc8 13. Nc3 0-0 14. Qe2 a6 15. Rfd1 Qc7 16. Bd4 Nxd4 17. Rxd4 Be5 18. Rh4 Bxc3 19. bxc3 Qa5 20. Ne4 Nxe4 21. Qxe4 h6 22. Rh3 Rfd8 23. Qe2 Qa4 24. Rd3 Rxd3 25. Qxd3 Qxc4 26. Qxc4 Rxc4 27. Rc1 b5 28. Kf1 e5 29. Ke2 e4 30. Kd2 f5 31. f3 exf3 32. gxf3 Rh4 33. Rh1 Kf7 34. Ke3 Ra4 35. Ra1 Ke6 36. f4 Re4+ 37. Kf3 g5 38. fxg5 hxg5 39. Rd1 Rh4 40. Rd2 Rh3+ 41. Ke2 Rxh2+ 0-1

[Event "Hessen-chB"]
[Site "Offenbach"]
[Date "2012.04.05"]
[Round "1"]
[White "Slobodetski, Oleg"]
[Black "Winter, Lars"]
[Result "0-1"]
[WhiteElo "1529"]
[BlackElo "1950"]
[PlyCount "76"]
[EventDate "2012.04.05"]
[EventType "swiss"]
[EventRounds "7"]
[EventCountry "GER"]
[SourceTitle "EXT 2013"]
[Source "ChessBase"]
[SourceDate "2012.11.22"]
[SourceVersion "1"]
[SourceVersionDate "2012.11.22"]
[SourceQuality "1"]

1. e4 c5 2. Nf3 Nc6 3. d4 cxd4 4. Nxd4 e5 5. Nb5 d6 6. c4 Be7 7. N1c3 a6 8. Na3 f5 9. exf5 Bxf5 10. Bd3 Be6 11. Nc2 Nf6 12. 0-0 0-0 13. Re1 Rc8 14. Be3 Na5 15. Nb4 Nxc4 16. Bxc4 Rxc4 17. Nbd5 Nxd5 18. Nxd5 Bg5 19. Bxg5 Qxg5 20. f4 Qh4 21. g3 Qh3 22. fxe5 Rf2 23. Kxf2 Qxh2+ 24. Ke3 Qxg3+ 25. Qf3 Qxe5+ 26. Kf2 Rc2+ 27. Re2 Bxd5 28. Qg4 h5 29. Qc8+ Rxc8 30. Rxe5 dxe5 31. Ke3 Kf7 32. b3 Rc3+ 33. Kd2 Rg3 34. Rf1+ Ke6 35. Kc2 h4 36. Rf8 h3 37. Rh8 h2 38. Rxh2 Rg2+ 0-1

[Event "Hessen-ch Gr-C 64th"]
[Site "Bad Vilbel"]
[Date "2010.04.04"]
[Round "7"]
[White "Winter, Lars"]
[Black "Wilhelm, Holger"]
[Result "1-0"]
[WhiteElo "1974"]
[BlackElo "1857"]
[PlyCount "77"]
[EventDate "2010.03.31"]
[EventType "swiss"]
[EventRounds "7"]
[EventCountry "GER"]
[SourceTitle "EXT 2011"]
[Source "ChessBase"]
[SourceDate "2010.11.26"]
[SourceVersion "1"]
[SourceVersionDate "2010.11.26"]
[SourceQuality "1"]

1. e4 e6 2. d4 d5 3. e5 c5 4. c3 cxd4 5. cxd4 Nc6 6. Nf3 Bb4+ 7. Nc3 Bd7 8. Bd3 Nge7 9. 0-0 Bxc3 10. bxc3 Ng6 11. Rb1 Na5 12. g3 b6 13. h4 Qc7 14. Ba3 Nc4 15. Bc1 Na5 16. Qe2 Rc8 17. h5 Ne7 18. h6 g6 19. Bg5 Ng8 20. Rfc1 Nc4 21. Nd2 Nxd2 22. Qxd2 f6 23. exf6 Kf7 24. Ba6 Nxf6 25. Bf4 Ne4 26. Qe3 Qc6 27. c4 Rcd8 28. cxd5 Qxd5 29. Rc7 Nf6 30. Be5 Qxa2 31. Rbc1 Rhf8 32. Bc4 Qa4 33. Qf4 Kg8 34. Bxf6 Rde8 35. Qe5 Qa5 36. d5 Qd2 37. Re1 Rxf6 38. Qxf6 Qxe1+ 39. Bf1 1-0

[Event "Hessen-ch Gr-C 64th"]
[Site "Bad Vilbel"]
[Date "2010.04.01"]
[Round "2"]
[White "Winter, Lars"]
[Black "Haftmann, Rainer"]
[Result "0-1"]
[WhiteElo "1974"]
[BlackElo "1881"]
[PlyCount "124"]
[EventDate "2010.03.31"]
[EventType "swiss"]
[EventRounds "7"]
[EventCountry "GER"]
[SourceTitle "EXT 2011"]
[Source "ChessBase"]
[SourceDate "2010.11.26"]
[SourceVersion "1"]
[SourceVersionDate "2010.11.26"]
[SourceQuality "1"]

1. e4 e5 2. Nf3 Nc6 3. Bb5 a6 4. Bxc6 dxc6 5. 0-0 f6 6. d4 exd4 7. Nxd4 c5 8. Ne2 Qxd1 9. Rxd1 Bd7 10. Bf4 0-0-0 11. Nbc3 Ne7 12. h3 g6 13. Nd5 Nxd5 14. Rxd5 Be7 15. Rad1 Be6 16. Rxd8+ Rxd8 17. Rxd8+ Kxd8 18. a3 Kd7 19. Be3 f5 20. Ng3 Bf6 21. c3 b6 22. exf5 gxf5 23. Nh5 Bh8 24. Nf4 Bb3 25. g4 fxg4 26. hxg4 Bd1 27. g5 Bf3 28. Nd3 c4 29. Ne1 Be4 30. f3 Bb1 31. Kf2 c5 32. Ng2 Kc6 33. Nf4 Bf5 34. Ne2 b5 35. Ng3 Bb1 36. f4 Kd5 37. f5 Be5 38. Ne2 Bxf5 39. Kf3 a5 40. Bd2 Bg6 41. Nf4+ Kd6 42. Ng2 Bf7 43. Ne3 Be6 44. Ke4 b4 45. Nd1 Bg7 46. Bf4+ Kc6 47. Be5 Bf8 48. a4 b3 49. Ne3 Bf7 50. Bf6 Bg6+ 51. Ke5 Bd3 52. Nd5 Bd6+ 53. Ke6 Bf5+ 54. Kxf5 Kxd5 55. Kg4 Be5 56. Bxe5 Kxe5 57. Kh5 Kf5 58. Kh6 Kg4 59. g6 hxg6 60. Kxg6 Kf4 61. Kf6 Ke4 62. Ke6 Kd3 0-1

[Event "Main Vogelsberg op 4th"]
[Site "Heusenstamm"]
[Date "2009.05.03"]
[Round "6"]
[White "Schmalhorst, Sophia"]
[Black "Winter, Lars"]
[Result "1/2-1/2"]
[WhiteElo "1859"]
[BlackElo "2016"]
[PlyCount "125"]
[EventDate "2009.04.30"]
[EventType "swiss"]
[EventRounds "7"]
[EventCountry "GER"]
[SourceTitle "CBM 130 Extra"]
[Source "ChessBase"]
[SourceDate "2009.07.02"]
[SourceVersion "2"]
[SourceVersionDate "2009.07.15"]
[SourceQuality "1"]

1. e4 c5 2. Nf3 e6 3. d3 Nc6 4. g3 d6 5. Bg2 Nge7 6. 0-0 g6 7. Nbd2 Bg7 8. Re1 0-0 9. c3 b5 10. Nf1 a5 11. d4 b4 12. h4 a4 13. Be3 a3 14. Qc2 axb2 15. Qxb2 Qa5 16. Bd2 Qa3 17. Qxa3 Rxa3 18. Rac1 Rxa2 19. cxb4 Nxd4 20. bxc5 dxc5 21. Rxc5 Ba6 22. Be3 Nc2 23. Rc1 Nxe3 24. Nxe3 Rd8 25. Rc7 Rc8 26. Rxc8+ Nxc8 27. Rc7 h6 28. Ng4 Nd6 29. e5 Ne8 30. Ra7 Bc4 31. Rxa2 Bxa2 32. Bf1 Bd5 33. Ngh2 Nc7 34. Bd3 Na8 35. Kf1 Nb6 36. Bb5 h5 37. Ke1 Bc4 38. Bc6 Nd5 39. Bxd5 exd5 40. Kd2 Kf8 41. Ke3 Ke7 42. Kd4 f6 43. exf6+ Bxf6+ 44. Ke3 Kd6 45. Nd4 Kc5 46. Nhf3 Bf1 47. Ne6+ Kb4 48. Nf4 Bc4 49. Nxg6 Kc3 50. Nf4 d4+ 51. Ke4 d3 52. Nxh5 Bd4 53. Nf4 Bxf2 54. Nxd3 Bxd3+ 55. Kf4 Be2 56. h5 Kd3 57. Ne5+ Kd4 58. g4 Bg3+ 59. Kxg3 Kxe5 60. Kh4 Kf6 61. g5+ Kg7 62. Kg3 Bxh5 63. Kf4 1/2-1/2

[Event "Main Vogelsberg op 4th"]
[Site "Heusenstamm"]
[Date "2009.05.03"]
[Round "7"]
[White "Winter, Lars"]
[Black "Pauner, Jean Marie"]
[Result "0-1"]
[WhiteElo "2016"]
[BlackElo "1819"]
[PlyCount "84"]
[EventDate "2009.04.30"]
[EventType "swiss"]
[EventRounds "7"]
[EventCountry "GER"]
[SourceTitle "CBM 130 Extra"]
[Source "ChessBase"]
[SourceDate "2009.07.02"]
[SourceVersion "2"]
[SourceVersionDate "2009.07.15"]
[SourceQuality "1"]

1. e4 c5 2. Nf3 Nc6 3. d4 cxd4 4. Nxd4 Nf6 5. Nc3 a6 6. Nxc6 bxc6 7. e5 Ng8 8. Bc4 d5 9. exd6 Qxd6 10. Qf3 Be6 11. Bf4 Qd7 12. Rd1 Bg4 13. Bxf7+ Kxf7 14. Rxd7 Bxf3 15. gxf3 Nf6 16. Rc7 Nd5 17. Nxd5 cxd5 18. 0-0 g5 19. Be5 Rg8 20. Re1 Rg6 21. Bd4 Ke8 22. a4 Kd8 23. Rb7 Kc8 24. Rb3 Rc6 25. c3 e6 26. a5 Bd6 27. Rb6 Rxb6 28. axb6 Kd7 29. b4 e5 30. Bxe5 Re8 31. b7 Rxe5 32. Ra1 Bb8 33. Rxa6 Re6 34. Ra5 Kd6 35. Rc5 Bc7 36. Rb5 Re8 37. c4 dxc4 38. Rxg5 Bb6 39. Rg4 Kd5 40. Rg5+ Kc6 41. Rg4 Kb5 42. Rg7 c3 0-1

[Event "Main Vogelsberg op 4th"]
[Site "Heusenstamm"]
[Date "2009.05.02"]
[Round "5"]
[White "Winter, Lars"]
[Black "Traut, Stefan"]
[Result "1/2-1/2"]
[WhiteElo "2016"]
[BlackElo "1557"]
[PlyCount "113"]
[EventDate "2009.04.30"]
[EventType "swiss"]
[EventRounds "7"]
[EventCountry "GER"]
[SourceTitle "CBM 130 Extra"]
[Source "ChessBase"]
[SourceDate "2009.07.02"]
[SourceVersion "2"]
[SourceVersionDate "2009.07.15"]
[SourceQuality "1"]

1. e4 c5 2. Nf3 d6 3. d4 cxd4 4. Nxd4 Nf6 5. Nc3 g6 6. Be3 Bg7 7. f3 0-0 8. Qd2 Nc6 9. 0-0-0 Nxd4 10. Bxd4 Be6 11. Kb1 Qc7 12. g4 Rfc8 13. h4 Qa5 14. h5 Rxc3 15. Qxc3 Qxa2+ 16. Kc1 Rc8 17. Qa3 Qxa3 18. bxa3 a6 19. hxg6 hxg6 20. g5 Nh5 21. Bxg7 Kxg7 22. Rh4 Bc4 23. e5 Bxf1 24. exd6 exd6 25. Rxf1 Rc3 26. Kb2 Rc5 27. Rg4 Rf5 28. Rd1 d5 29. Rdd4 Kf8 30. f4 Ke7 31. c4 dxc4 32. Rxc4 Kd6 33. Kc3 Rc5 34. Rxc5 Kxc5 35. Rh4 Kd5 36. f5 Ke5 37. fxg6 fxg6 38. Rb4 b5 39. Rb1 Nf4 40. Kb4 Ne6 41. Ka5 Nxg5 42. Kxa6 Ne4 43. Rxb5+ Kf4 44. a4 g5 45. a5 g4 46. Kb6 g3 47. Rb2 Nd6 48. Rc2 Kf3 49. a6 g2 50. Rxg2 Kxg2 51. Kc6 Nc8 52. Kb7 Nd6+ 53. Kc7 Nb5+ 54. Kc6 Na7+ 55. Kb7 Nb5 56. a7 Nxa7 57. Kxa7 1/2-1/2

[Event "Main Vogelsberg op 4th"]
[Site "Heusenstamm"]
[Date "2009.05.01"]
[Round "3"]
[White "Winter, Lars"]
[Black "Hoehn, Michael"]
[Result "0-1"]
[WhiteElo "2016"]
[BlackElo "2147"]
[PlyCount "58"]
[EventDate "2009.04.30"]
[EventType "swiss"]
[EventRounds "7"]
[EventCountry "GER"]
[SourceTitle "CBM 130 Extra"]
[Source "ChessBase"]
[SourceDate "2009.07.02"]
[SourceVersion "2"]
[SourceVersionDate "2009.07.15"]
[SourceQuality "1"]

1. e4 d6 2. d4 Nf6 3. Nc3 c6 4. f4 Qa5 5. Bd3 e5 6. Nf3 Bg4 7. Be3 Nbd7 8. 0-0 Be7 9. Qe1 Qc7 10. Kh1 0-0 11. Ne2 Rfe8 12. c4 Rad8 13. Rd1 Bf8 14. fxe5 dxe5 15. Qg3 Bxf3 16. gxf3 Kh8 17. Rg1 g6 18. Rg2 Nh5 19. Qh3 exd4 20. Bxd4+ Bg7 21. Bxg7+ Nxg7 22. f4 Nc5 23. b4 Nxd3 24. Rxd3 Rxe4 25. Re3 Qe7 26. Rgg3 Nf5 27. Rxe4 Qxe4+ 28. Qg2 Rd1+ 29. Ng1 Nxg3+ 0-1

[Event "Hessen-ch Gr-C"]
[Site "Idstein"]
[Date "2009.04.10"]
[Round "5"]
[White "Rump, Andreas"]
[Black "Winter, Lars"]
[Result "0-1"]
[WhiteElo "1801"]
[BlackElo "2016"]
[PlyCount "104"]
[EventDate "2009.04.08"]
[EventType "swiss"]
[EventRounds "7"]
[EventCountry "GER"]
[SourceTitle "EXT 2010"]
[Source "ChessBase"]
[SourceDate "2010.11.25"]
[SourceVersion "1"]
[SourceVersionDate "2010.11.25"]
[SourceQuality "1"]

1. e4 c5 2. Nf3 e6 3. d4 cxd4 4. Nxd4 a6 5. Be3 Nf6 6. Nc3 Qc7 7. Qd2 Bb4 8. f3 Nc6 9. a3 Be7 10. g4 d6 11. 0-0-0 Rb8 12. Be2 Nxd4 13. Bxd4 0-0 14. g5 Nd7 15. f4 b5 16. h4 Bb7 17. Rhg1 Rfc8 18. h5 Nc5 19. Bd3 e5 20. Be3 a5 21. Kb1 b4 22. Nb5 Qd7 23. Bxc5 Rxc5 24. a4 Bc6 25. g6 fxg6 26. fxe5 Rxe5 27. Nxd6 Bxd6 28. Bc4+ Kh8 29. Qxd6 Qxd6 30. Rxd6 Bxe4 31. hxg6 hxg6 32. Re6 Rxe6 33. Bxe6 b3 34. Rg3 bxc2+ 35. Kc1 Bf5 36. Bb3 Rb4 37. Rc3 Rh4 38. Bxc2 Bxc2 39. Kxc2 Rxa4 40. Rh3+ Kg8 41. Rg3 Kf7 42. Rg5 Kf6 43. Rb5 g5 44. b3 Ra1 45. Kb2 Rf1 46. Rxa5 g4 47. Ra8 Rf2+ 48. Kc3 g3 49. Ra1 g2 50. Rg1 Ke5 51. b4 Kf4 52. b5 Kg3 0-1

[Event "Hessen-ch Gr-C"]
[Site "Idstein"]
[Date "2009.04.09"]
[Round "2"]
[White "Winter, Lars"]
[Black "Wachtel, Johann"]
[Result "1/2-1/2"]
[WhiteElo "2016"]
[BlackElo "1712"]
[PlyCount "44"]
[EventDate "2009.04.08"]
[EventType "swiss"]
[EventRounds "7"]
[EventCountry "GER"]
[SourceTitle "EXT 2010"]
[Source "ChessBase"]
[SourceDate "2010.11.25"]
[SourceVersion "1"]
[SourceVersionDate "2010.11.25"]
[SourceQuality "1"]

1. e4 e5 2. Bc4 Nc6 3. Nf3 Bc5 4. c3 d6 5. d4 exd4 6. cxd4 Bb6 7. h3 Qf6 8. Bg5 Qg6 9. Nc3 Nxd4 10. Nxd4 Qxg5 11. Qf3 Nh6 12. Rd1 0-0 13. 0-0 c6 14. Rd3 Bd7 15. Qd1 Rad8 16. Nf3 Qg6 17. Rxd6 Be6 18. Bxe6 Rxd6 19. Qxd6 Qxe6 20. Rd1 Qxd6 21. Rxd6 Rd8 22. Rxd8+ Bxd8 1/2-1/2